Curso : Construcción y mantenimiento de línea de distribución A. Instalación de medidores monofásicos y trifásicos

Bibliographic Details
Main Author: Instituto Nicaragüense de Energía (INE)
Format: Section = Libro
Language:Undetermined
Spanish
Published: Managua INE 1993
Subjects:
LEADER 00684nam a2200205Ia 4500
008 240829s9999 xx 000 0 und d
040 |a BIBLIOTECA-RUSB/ 621.3743 I59md 
041 |a spa 
082 |a 621.3743 I59md 
100 1 |a Instituto Nicaragüense de Energía (INE) 
245 1 0 |a Curso : Construcción y mantenimiento de línea de distribución A. Instalación de medidores monofásicos y trifásicos 
260 |a Managua  |b INE  |c 1993 
300 |a 22 p. :il. 
650 7 |a LÍNEAS ELECTRICAS 
650 7 |b  MEDIDORES ELECTRICOS - INSTALACION 
650 7 |c  CONTADORES ELECTRICOS 
650 7 |d  TIPOS DE MEDIDORES ELECTRICOS 
942 |c BK  |2 ddc 
991 |a TEXTO 
999 |c 3251